[Event "Kieler Open 2014-B"]
[Site "Kiel"]
[Date "2014.08.02"]
[Round "1.1"]
[White "Rommeck, Christiane"]
[Black "Pape, Rainer"]
[Result "0-1"]
[WhiteElo "1442"]
[BlackElo "1891"]
[PlyCount "40"]
[EventDate "2014.??.??"]
[WhiteTeam "Flintbek"]
[BlackTeam "Quickborn"]

1. e4 e5 2. Nf3 Nc6 3. d4 exd4 4. Nxd4 Qf6 5. Be3 Bc5 6. c3 Nge7 7. Bc4 Ne5 8.
O-O Nxc4 9. Qb3 Ne5 10. f4 N5g6 11. e5 Qb6 12. Qc2 Nd5 13. Bf2 Ngxf4 14. b4
Bxd4 15. Bxd4 Qg6 16. Qd2 Ne6 17. Rf3 Nxd4 18. Qxd4 Qb6 19. Nd2 Qxd4+ 20. cxd4
Nxb4 0-1

[Event "Kieler Open 2014-B"]
[Site "Kiel"]
[Date "2014.08.02"]
[Round "1.2"]
[White "Kollhoff, Josef"]
[Black "Dao, Joerg"]
[Result "0-1"]
[WhiteElo "1741"]
[BlackElo "1426"]
[PlyCount "156"]
[EventDate "2014.??.??"]
[WhiteTeam "Kieler SG"]

1. d4 d5 2. Nf3 f6 3. e3 a6 4. c4 c6 5. Nc3 Be6 6. c5 Bf7 7. a4 e6 8. a5 g5 9.
Be2 Bg7 10. O-O g4 11. Nh4 f5 12. g3 Bf6 13. Ng2 h5 14. f3 Nh6 15. fxg4 hxg4
16. Nf4 Kd7 17. Na4 Kc7 18. Nb6 Ra7 19. Rf2 Nd7 20. Bd2 Qg8 21. Bc3 Kd8 22. Qb3
Ke7 23. Bd3 Nxb6 24. Qxb6 Qb8 25. Ra3 Rd8 26. Rb3 Bg5 27. Rf1 Bxf4 28. exf4 Kf6
29. Ra1 Be8 30. Ra4 Rc8 31. Rab4 Qa8 32. Ra4 Nf7 33. Qb4 Nd8 34. Qa3 Qb8 35.
Rb6 Qc7 36. Qa1 Bh5 37. Qe1 Nf7 38. Rb3 Nh6 39. Rab4 Nf7 40. Bd2 Rca8 41. Bf1
Rb8 42. Rb6 Rba8 43. Re3 Re8 44. Reb3 Nd8 45. Bd3 Bg6 46. Bf1 Rh8 47. Re3 Qh7
48. Re2 Qc7 49. Rf2 Rh6 50. Qe5+ Qxe5 51. fxe5+ Kg7 52. Bxh6+ Kxh6 53. h3 Kg5
54. Rb3 Nf7 55. hxg4 Kxg4 56. Rh2 Kg5 57. Be2 Nh6 58. Kg2 Nf7 59. Rh4 Nh6 60.
Kh3 Nf7 61. Bd3 Nh6 62. Be2 Nf7 63. Rf4 Nh6 64. Rf1 Nf7 65. Rf4 Nh6 66. Rf2 Bh7
67. Rg2 Bg6 68. g4 f4 69. Rf2 Be4 70. Bf3 Bg6 71. Rg2 Nf7 72. Rg1 Nh6 73. Be2
Be4 74. Rf1 Nf7 75. Bd3 Bxd3 76. Rxd3 Nh6 77. Rdf3 Ra8 78. Rxf4 Nxg4 {(Zeit -
time)} 0-1

[Event "Kieler Open 2014-B"]
[Site "Kiel"]
[Date "2014.08.02"]
[Round "1.3"]
[White "Brockmann, Werner"]
[Black "Koch, Ralf-Johannes"]
[Result "0-1"]
[WhiteElo "1415"]
[BlackElo "1750"]
[PlyCount "71"]
[EventDate "2014.??.??"]
[WhiteTeam "Kieler SG"]
[BlackTeam "Eckernförde"]

1. Nf3 Nf6 2. d3 g6 3. g3 Bg7 4. Bg2 d6 5. Nbd2 O-O 6. e4 e5 7. O-O Nc6 8. Re1
Bg4 9. h3 Bd7 10. Nf1 Qc8 11. Kh2 Ne8 12. Be3 f5 13. Qd2 fxe4 14. dxe4 Nf6 15.
Bh6 Nh5 16. Bxg7 Kxg7 17. Rad1 Rf6 18. c3 Qf8 19. Re3 Qf7 20. b4 Rf8 21. Qd3
Qxa2 22. N1d2 Qg8 23. Kg1 a6 24. Re2 Kh8 25. Nc4 Be6 26. Ne3 Rxf3 27. Bxf3 Rxf3
28. Kg2 Rf8 29. Rf1 Qf7 30. Rb1 Qf3+ 31. Kh2 Bxh3 32. Rg1 Bg4 33. Ree1 Qxf2+
34. Ng2 Rf3 35. Qxf3 Bxf3 36. Ref1 0-1

[Event "Kieler Open 2014-B"]
[Site "Kiel"]
[Date "2014.08.02"]
[Round "1.4"]
[White "Busse, Gerd"]
[Black "Weck, Uwe"]
[Result "1-0"]
[WhiteElo "1835"]
[BlackElo "1693"]
[PlyCount "63"]
[EventDate "2014.??.??"]
[WhiteTeam "Quickborn"]
[BlackTeam "Kaltenkirchen"]

1. e4 Nf6 2. Nc3 e6 3. d4 d5 4. exd5 Nxd5 5. Nxd5 Qxd5 6. Bf4 Qa5+ 7. c3 Nc6 8.
Nf3 Bd7 9. Bd3 Be7 10. O-O g5 11. Bd2 O-O-O 12. b4 Qb6 13. a4 a6 14. b5 Nb8 15.
Ne5 Be8 16. Qe2 a5 17. Nc4 Qa7 18. Be3 b6 19. Ne5 f6 20. Nc4 h5 21. Bd2 Bf7 22.
Be4 f5 23. Bd3 Bf6 24. Ne5 Be8 25. Nc6 Bxc6 26. Qxe6+ Bd7 27. Qxf6 Qb7 28. Bxf5
Rhf8 29. Bxd7+ Nxd7 30. Qc6 g4 31. Rfe1 Ne5 32. Rxe5 1-0

[Event "Kieler Open 2014-B"]
[Site "Kiel"]
[Date "2014.08.02"]
[Round "1.5"]
[White "Gutschenreiter, Donato"]
[Black "Eberhardt, Michael"]
[Result "0-1"]
[WhiteElo "1392"]
[BlackElo "1723"]
[PlyCount "62"]
[EventDate "2014.??.??"]
[WhiteTeam "Flensburg"]
[BlackTeam "Agon Neum?"]

1. c4 c5 2. Nc3 Nc6 3. g3 e6 4. Bg2 Nf6 5. Nf3 Be7 6. O-O O-O 7. d3 d5 8. a3 d4
9. Na2 a5 10. Bd2 e5 11. e3 Bg4 12. e4 Qd7 13. Qc2 Rfb8 14. Rfe1 b5 15. cxb5
Rxb5 16. b3 Qb7 17. Rab1 Be6 18. Nc1 Rb8 19. Ng5 Bxb3 20. Nxb3 Rxb3 21. Rxb3
Qxb3 22. Qxb3 Rxb3 23. f4 Rxd3 24. fxe5 Rxd2 25. exf6 gxf6 26. Nf3 Ra2 27. e5
Nxe5 28. Nxe5 fxe5 29. Rxe5 Kf8 30. Rh5 d3 31. Rxh7 Ra1+ 0-1

[Event "Kieler Open 2014-B"]
[Site "Kiel"]
[Date "2014.08.02"]
[Round "1.6"]
[White "Bornhorst, Lars"]
[Black "Herrmann, Sabine"]
[Result "1-0"]
[WhiteElo "1652"]
[BlackElo "1537"]
[PlyCount "107"]
[EventDate "2014.??.??"]
[WhiteTeam "Bad Essen"]
[BlackTeam "SF Hamburg"]

1. d4 d5 2. c4 Nf6 3. Nc3 e6 4. Bg5 c6 5. e3 b6 6. cxd5 exd5 7. Nf3 Bb4 8. Qb3
Bxc3+ 9. Qxc3 O-O 10. Bd3 Qd6 11. Bf4 Qe7 12. Bxb8 Rxb8 13. Ne5 Bb7 14. Nxc6
Bxc6 15. Qxc6 Rbc8 16. Qa4 Rc7 17. O-O Ng4 18. h3 Nxe3 19. Rfe1 f5 20. Rxe3 Qg5
21. Rae1 f4 22. Re8 Rcf7 23. Rxf8+ Rxf8 24. f3 a5 25. Qc6 Qd8 26. Re5 g6 27.
Qxd5+ Kh8 28. Qxd8 Rxd8 29. d5 Kg7 30. Be4 Kh6 31. Re6 Rb8 32. Kf2 b5 33. Ke2
b4 34. Ra6 Rb5 35. d6 b3 36. a3 Rb8 37. Rxa5 Rd8 38. Rd5 Kg7 39. Kd3 Kf6 40.
Kc4 Ke6 41. d7 Ke7 42. Kxb3 Rb8+ 43. Kc4 Kd8 44. b4 Ra8 45. Kb3 Ra7 46. b5 Rc7
47. b6 Rb7 48. Rd6 Rb8 49. a4 Ke7 50. d8=Q+ Rxd8 51. Rxd8 Kxd8 52. a5 h5 53. a6
Kc8 54. a7 1-0

[Event "Kieler Open 2014-B"]
[Site "Kiel"]
[Date "2014.08.02"]
[Round "1.7"]
[White "Serbin, Alexander"]
[Black "Roca Llorca, Josep"]
[Result "0-1"]
[WhiteElo "1373"]
[BlackElo "1717"]
[PlyCount "80"]
[EventDate "2014.??.??"]
[WhiteTeam "Kieler SG"]

1. e4 c5 2. Nf3 Nc6 3. d4 cxd4 4. Nxd4 g6 5. Nc3 Bg7 6. Nf3 Nf6 7. Bc4 O-O 8.
O-O a6 9. Re1 b5 10. Bb3 d6 11. a3 Bb7 12. e5 dxe5 13. Nxe5 Qxd1 14. Nxd1 Nxe5
15. Rxe5 e6 16. Re1 Nd5 17. Ne3 Rfd8 18. Nxd5 Bxd5 19. Bxd5 Rxd5 20. g3 Rad8
21. Bg5 R8d7 22. Rab1 Rxg5 23. Red1 Rxd1+ 24. Rxd1 Rd5 25. Rb1 Rd2 26. b3 Rxc2
27. Rd1 Ra2 28. a4 bxa4 29. bxa4 Ra1 30. Rxa1 Bxa1 31. Kf1 Kf8 32. Ke2 Ke7 33.
Kd3 Kd6 34. Kc4 Kc6 35. f3 Kb6 36. Kb4 Bd4 37. h3 Bf2 38. g4 Be1+ 39. Kb3 Ka5
40. Ka3 Kb6 0-1

[Event "Kieler Open 2014-B"]
[Site "Kiel"]
[Date "2014.08.02"]
[Round "1.8"]
[White "Zielke, Bernd"]
[Black "Howe, Dietrich"]
[Result "1-0"]
[WhiteElo "1699"]
[BlackElo "1742"]
[PlyCount "98"]
[EventDate "2014.??.??"]
[WhiteTeam "Holtenau"]
[BlackTeam "Kaltenkirchen"]

1. b4 e5 2. Bb2 d6 3. c4 Nf6 4. Nc3 Be7 5. e3 Bf5 6. Nf3 h6 7. Be2 Nbd7 8. O-O
O-O 9. d3 c6 10. Nd2 Bh7 11. f4 Qb6 12. fxe5 Nxe5 13. d4 Ned7 14. a3 Qc7 15. e4
Rae8 16. Bf3 b6 17. Rc1 Bd8 18. d5 Ne5 19. Nb3 Nxc4 20. Qe2 Nxb2 21. Qxb2 c5
22. bxc5 bxc5 23. Nd2 Nd7 24. Nc4 Bf6 25. Qe2 Nb6 26. Nb5 Qb8 27. Na5 Nxd5 28.
Nc6 Qb7 29. Nbxa7 Nf4 30. Qc4 Bg5 31. Rb1 Qd7 32. Rb3 Qe6 33. Rc3 Bxe4 34. Qxe6
Rxe6 35. Bg4 Bxg2 36. Rxf4 Bxf4 37. Bxe6 Bxc6 38. Nxc6 fxe6 39. Rd3 Rf7 40. Kg2
Rc7 41. Na5 c4 42. Rd4 Be5 43. Rxc4 Ra7 44. Nc6 d5 45. Rc2 Bf6 46. Nxa7 d4 47.
Kf3 Be5 48. Nc6 Bf6 49. Kf4 Kf7 1-0

[Event "Kieler Open 2014-B"]
[Site "Kiel"]
[Date "2014.08.02"]
[Round "1.9"]
[White "Fleischmann, Yannic"]
[Black "Slesicki, Andreas"]
[Result "0-1"]
[WhiteElo "1355"]
[BlackElo "1623"]
[PlyCount "45"]
[EventDate "2014.??.??"]
[WhiteTeam "Segeberg"]
[BlackTeam "Doppelbauer Kiel"]

1. e4 c5 2. Nf3 d6 3. d4 cxd4 4. Nxd4 Nf6 5. Nc3 g6 6. Be2 Bg7 7. Be3 Nc6 8. h3
Bd7 9. f4 Qb8 10. O-O O-O 11. f5 h6 12. h4 h5 13. Qd2 Rd8 14. Nxc6 bxc6 15. a3
Ne8 16. fxg6 fxg6 17. Bg5 Qxb2 18. Bc4+ Kh7 19. Bh6 Qxc3 20. Qxc3 Bxc3 21. Rf7+
Kxh6 22. Raf1 Bf6 23. Rf3 0-1

[Event "Kieler Open 2014-B"]
[Site "Kiel"]
[Date "2014.08.02"]
[Round "1.10"]
[White "Schumacher, Horst"]
[Black "Steffen, Jörn"]
[Result "1/2-1/2"]
[WhiteElo "1809"]
[BlackElo "1314"]
[PlyCount "57"]
[EventDate "2014.??.??"]
[WhiteTeam "Holtenau"]
[BlackTeam "Flintbek"]

1. e4 c5 2. Nf3 e6 3. d4 cxd4 4. Nxd4 a6 5. Be2 Nf6 6. e5 Qa5+ 7. Bd2 Qxe5 8.
Bc3 Qc7 9. Bf3 Be7 10. O-O O-O 11. Nd2 d5 12. N2b3 b6 13. Ne2 Bb7 14. Re1 Nc6
15. Ng3 b5 16. a3 a5 17. Nd4 b4 18. axb4 axb4 19. Nxc6 Qxc6 20. Bd4 Nd7 21. Nf5
Bd8 22. Rxa8 Bxa8 23. Ng3 Bf6 24. Nh5 e5 25. Nxf6+ gxf6 26. Be3 f5 27. Qd2 f4
28. Qxb4 fxe3 29. fxe3 1/2-1/2

[Event "Kieler Open 2014-B"]
[Site "Kiel"]
[Date "2014.08.02"]
[Round "1.11"]
[White "Hogreve, Holger"]
[Black "Stolzenwald, Frank"]
[Result "1-0"]
[WhiteElo "1510"]
[BlackElo "1628"]
[PlyCount "69"]
[EventDate "2014.??.??"]
[WhiteTeam "Eckernförde"]
[BlackTeam "SF Hamburg"]

1. Nf3 Nf6 2. d4 d5 3. Bg5 Ne4 4. Bf4 Bf5 5. e3 e6 6. Bd3 Bd6 7. Bxd6 Nxd6 8.
Bxf5 exf5 9. Nbd2 g6 10. Qe2 f6 11. c4 c6 12. cxd5 cxd5 13. O-O Nd7 14. Rac1
O-O 15. Rc2 Qa5 16. a3 Rfc8 17. Rfc1 Qd8 18. Nb3 Rxc2 19. Rxc2 Rc8 20. Nc5 Rc6
21. Nd3 Qc8 22. Nfe1 a5 23. b4 Qa8 24. Nc5 Nxc5 25. bxc5 Nc4 26. a4 Qa6 27. Qf3
Nb6 28. cxb6 Rxc2 29. Qxd5+ Kg7 30. Nxc2 Qxb6 31. Qb5 Qc7 32. Qc5 Qd7 33. Qxa5
Qc6 34. Ne1 Qc1 35. Qb4 1-0

[Event "Kieler Open 2014-B"]
[Site "Kiel"]
[Date "2014.08.02"]
[Round "1.12"]
[White "Schmieder, Kerstin"]
[Black "Isler, Benjamin"]
[Result "0-1"]
[WhiteElo "1683"]
[BlackElo "1274"]
[PlyCount "52"]
[EventDate "2014.??.??"]
[WhiteTeam "Rodewischer Schachmiezen"]
[BlackTeam "Flensburg"]

1. d4 e6 2. Nc3 d5 3. Nf3 Nf6 4. Bg5 Be7 5. e3 h6 6. Bh4 g5 7. Bg3 Nfd7 8. Be2
h5 9. Nb5 Na6 10. Ne5 h4 11. Nxd7 Bxd7 12. Be5 f6 13. Bh5+ Kf8 14. Qf3 Bxb5 15.
h3 Nb4 16. Kd2 Ba4 17. b3 Be8 18. Bg4 Bf7 19. Bh2 f5 20. Be5 Rh6 21. Bxf5 exf5
22. Qxf5 Nc6 23. f4 Nxe5 24. dxe5 d4 25. e4 gxf4 26. Qxf4 Bg5 0-1

[Event "Kieler Open 2014-B"]
[Site "Kiel"]
[Date "2014.08.02"]
[Round "1.13"]
[White "Koch, Andreas Tigran"]
[Black "Schmidt, Niko"]
[Result "0-1"]
[WhiteElo "1214"]
[BlackElo "1811"]
[PlyCount "44"]
[EventDate "2014.??.??"]
[WhiteTeam "Eckernförde"]
[BlackTeam "Kaltenkirchen"]

1. e4 c5 2. Nc3 Nc6 3. Nf3 g6 4. Bc4 Bg7 5. O-O Nf6 6. d3 O-O 7. Be3 d6 8. h3
a6 9. a3 b5 10. Ba2 Bb7 11. e5 Nxe5 12. Nxe5 dxe5 13. Bxc5 Rc8 14. b4 Re8 15.
Qe2 Nd7 16. Qe3 Nxc5 17. bxc5 Qc7 18. Bd5 Bxd5 19. Nxd5 Qxc5 20. Qxc5 Rxc5 21.
Nb4 a5 22. Na6 Rc6 0-1

[Event "Kieler Open 2014-B"]
[Site "Kiel"]
[Date "2014.08.02"]
[Round "1.14"]
[White "Westphal-Stubbe, Siegbert"]
[Black "Maaß, Ralf"]
[Result "1/2-1/2"]
[WhiteElo "1833"]
[BlackElo "1208"]
[PlyCount "56"]
[EventDate "2014.??.??"]
[WhiteTeam "Plön"]
[BlackTeam "Flensburg"]

1. d4 Nf6 2. Nf3 d5 3. c4 e6 4. e3 Be7 5. Nc3 O-O 6. Bd3 Nbd7 7. O-O b6 8. cxd5
exd5 9. Ne2 Bb7 10. Ng3 g6 11. Bd2 Ne4 12. Rc1 Rc8 13. Bb1 Ndf6 14. Ne5 Nxd2
15. Qxd2 Ne4 16. Nxe4 dxe4 17. Nc6 Bxc6 18. Rxc6 f5 19. a3 Bd6 20. Ba2+ Kg7 21.
Be6 Rb8 22. Rfc1 Rf6 23. d5 Rxe6 24. g3 Rf6 25. b4 Be5 26. Qa2 Rd6 27. Rxc7+
Rd7 28. Rxd7+ Qxd7 1/2-1/2

[Event "Kieler Open 2014-B"]
[Site "Kiel"]
[Date "2014.08.02"]
[Round "1.15"]
[White "Untiedt, Urs Arved"]
[Black "Bockelmann, Fred"]
[Result "0-1"]
[WhiteElo "1180"]
[BlackElo "1704"]
[PlyCount "120"]
[EventDate "2014.??.??"]
[WhiteTeam "Agon Neum?"]
[BlackTeam "Kieler SG"]

1. c4 Nf6 2. d4 e6 3. Nf3 d5 4. Bg5 Nbd7 5. Nc3 c6 6. e3 Bd6 7. Bd3 h6 8. Bf4
Bxf4 9. exf4 dxc4 10. Bxc4 b5 11. Bb3 O-O 12. O-O Qc7 13. Ne5 Bb7 14. Rc1 a6
15. Re1 Rad8 16. a3 Qb6 17. Ne2 c5 18. Nf3 c4 19. Ba2 Bxf3 20. gxf3 e5 21. Bb1
exd4 22. Qxd4 Nc5 23. Qc3 Nd5 24. Qc2 Nd3 25. Rf1 Qg6+ 26. Kh1 Nxc1 27. Qxc1 f5
28. Rg1 Qb6 29. Rg2 Rd6 30. Ng3 Ne7 31. Qe1 Qc5 32. Bc2 Ng6 33. Nh5 Qd5 34. Qc3
Qd4 35. Qxd4 Rxd4 36. Rxg6 Rf7 37. Rg1 Rd2 38. Rc1 Rxf2 39. Ng3 g6 40. b3 c3
41. b4 Rd7 42. Bb3+ Kg7 43. Nf1 Rxf3 44. Kg2 Rxf4 45. Rxc3 Rfd4 46. Bc2 Rc4 47.
Rxc4 bxc4 48. Kf3 Kf6 49. Ke2 Ke5 50. Ke3 g5 51. Nd2 f4+ 52. Ke2 Kd4 53. Nb1
Re7+ 54. Kf2 Re3 55. Bf5 Rb3 56. h3 c3 57. Ke1 Rb2 58. Kd1 f3 59. Ke1 c2 60.
Bxc2 Rxc2 0-1

[Event "Kieler Open 2014-B"]
[Site "Kiel"]
[Date "2014.08.02"]
[Round "1.16"]
[White "Dambrowski, Ralf"]
[Black "Salwasser, Christian"]
[Result "0-1"]
[WhiteElo "1485"]
[BlackElo "1035"]
[PlyCount "46"]
[EventDate "2014.??.??"]
[WhiteTeam "Agon Neum?"]
[BlackTeam "SC Rastatt"]

1. e4 e5 2. Nf3 Nc6 3. Bb5 a6 4. Ba4 Nf6 5. O-O Be7 6. Re1 b5 7. Bb3 O-O 8. c3
d5 9. exd5 Nxd5 10. Nxe5 Nxe5 11. Rxe5 Bb7 12. Qe2 Nf4 13. Qg4 Nxg2 14. f3 Nh4
15. d4 Nxf3+ 16. Kf2 Bh4+ 17. Ke2 Nxe5 18. dxe5 Re8 19. Bf4 Qf6 20. Kd2 Rad8+
21. Kc1 Rxe5 22. Bxe5 Qg5+ 23. Qf4 Qg1+ 0-1

[Event "Kieler Open 2014-B"]
[Site "Kiel"]
[Date "2014.08.02"]
[Round "1.17"]
[White "Gütschow, Finn Erik"]
[Black "Lange, Edgar"]
[Result "0-1"]
[WhiteElo "943"]
[BlackElo "1481"]
[PlyCount "64"]
[EventDate "2014.??.??"]
[WhiteTeam "Segeberg"]
[BlackTeam "Kieler SG"]

1. e4 e5 2. Nf3 Nc6 3. Bb5 a6 4. Bc4 h6 5. O-O Nf6 6. d4 exd4 7. Nxd4 d6 8.
Nxc6 bxc6 9. Nc3 Be7 10. Bf4 O-O 11. e5 Nh7 12. Qe2 d5 13. Bd3 Bg5 14. Bxg5
Nxg5 15. a3 c5 16. b3 Bb7 17. b4 c4 18. Bf5 Re8 19. Rfe1 Ne6 20. Qh5 Nf4 21.
Qf3 Qg5 22. Ne2 Qxf5 23. Nxf4 Rxe5 24. Rxe5 Qxe5 25. Rd1 Re8 26. h3 c6 27. Nh5
Qe2 28. Qxe2 Rxe2 29. c3 Kf8 30. Nf4 Rc2 31. Ne2 Rxe2 32. f3 Rc2 0-1

[Event "Kieler Open 2014-B"]
[Site "Kiel"]
[Date "2014.08.02"]
[Round "1.18"]
[White "Sowa, Kay"]
[Black "Aden, Tönjes"]
[Result "0-1"]
[WhiteElo "1452"]
[BlackElo "862"]
[PlyCount "57"]
[EventDate "2014.??.??"]
[WhiteTeam "Doppelbauer Kiel"]
[BlackTeam "Segeberg"]

1. e4 e5 2. Nf3 Nc6 3. Bc4 Bc5 4. c3 Nf6 5. d3 O-O 6. Bb3 d6 7. Bg5 h6 8. Bh4
Qe7 9. Nbd2 Be6 10. Bc2 d5 11. Qe2 Qd8 12. h3 Be7 13. g4 d4 14. Bg3 Bd6 15. g5
hxg5 16. Nxg5 Bd7 17. Nc4 Qe7 18. Nf3 Be6 19. Nxd6 Qxd6 20. Bh4 Qe7 21. Qd2
Rad8 22. Qg5 Kh8 23. Rg1 Rg8 24. Nxe5 Nxe5 25. Qxe5 Rc8 26. Qxd4 b6 27. e5 Rcd8
28. Bxf6 gxf6 29. Qh4# 0-1

[Event "Kieler Open 2014-B"]
[Site "Kiel"]
[Date "2014.08.02"]
[Round "2.1"]
[White "Pape, Rainer"]
[Black "Schmidt, Niko"]
[Result "0-1"]
[WhiteElo "1891"]
[BlackElo "1811"]
[PlyCount "66"]
[EventDate "2014.??.??"]
[WhiteTeam "Quickborn"]
[BlackTeam "Kaltenkirchen"]

1. e4 c5 2. Nc3 Nc6 3. Bc4 g6 4. f4 Bg7 5. Nf3 e6 6. O-O Nge7 7. d3 O-O 8. f5
exf5 9. Bg5 fxe4 10. dxe4 d6 11. Nd5 Be6 12. c3 a6 13. a4 Bxd5 14. Bxd5 Qc7 15.
Ba2 Rab8 16. Bf4 Ne5 17. Bxe5 dxe5 18. Ng5 c4 19. Qf3 f6 20. Ne6 Qb6+ 21. Nd4
exd4 22. Bxc4+ Kh8 23. Qf2 Qc6 24. Bd3 dxc3 25. bxc3 Qxc3 26. Qg3 f5 27. exf5
Nxf5 28. Qh3 Qc5+ 29. Kh1 Bxa1 30. Rxa1 Rbc8 31. Rf1 Qe3 32. Rf3 Rc1+ 33. Bf1
Rxf1+ 0-1

[Event "Kieler Open 2014-B"]
[Site "Kiel"]
[Date "2014.08.02"]
[Round "2.2"]
[White "Koch, Ralf-Johannes"]
[Black "Bockelmann, Fred"]
[Result "1-0"]
[WhiteElo "1750"]
[BlackElo "1704"]
[PlyCount "85"]
[EventDate "2014.??.??"]
[WhiteTeam "Eckernförde"]
[BlackTeam "Kieler SG"]

1. d4 Nf6 2. Nf3 e6 3. Bf4 d5 4. e3 Bd6 5. Bg3 Nbd7 6. Nbd2 Qe7 7. Bd3 e5 8.
dxe5 Nxe5 9. Nxe5 Bxe5 10. c3 Bxg3 11. hxg3 h5 12. Qa4+ Bd7 13. Qf4 Bc6 14. Bf5
Rh6 15. O-O-O Bd7 16. Bxd7+ Qxd7 17. e4 O-O-O 18. e5 Ng4 19. Qd4 Kb8 20. Nb3
Qf5 21. f4 Ra6 22. a3 g6 23. Nc5 Rc6 24. Rd2 b6 25. Na6+ Ka8 26. b3 Qc8 27. Nb4
Re6 28. Nxd5 Kb8 29. Qc4 c6 30. Nb4 Rxd2 31. Kxd2 Qd7+ 32. Qd3 Qxd3+ 33. Nxd3
f6 34. Re1 Kc7 35. exf6 Rxe1 36. f7 Rg1 37. Ne1 Nf6 38. f8=Q Ne4+ 39. Ke2 Nxg3+
40. Kf2 Rh1 41. Qe7+ Kb8 42. Kxg3 h4+ 43. Kg4 1-0

[Event "Kieler Open 2014-B"]
[Site "Kiel"]
[Date "2014.08.02"]
[Round "2.3"]
[White "Lange, Edgar"]
[Black "Busse, Gerd"]
[Result "0-1"]
[WhiteElo "1481"]
[BlackElo "1835"]
[PlyCount "80"]
[EventDate "2014.??.??"]
[WhiteTeam "Kieler SG"]
[BlackTeam "Quickborn"]

1. e4 e6 2. d4 d5 3. e5 c5 4. c3 Nc6 5. Nf3 Qb6 6. a3 cxd4 7. cxd4 Nge7 8. b4
Nf5 9. Bb2 Be7 10. Be2 O-O 11. O-O Bd7 12. g4 Nh4 13. Nxh4 Bxh4 14. Qd3 Ne7 15.
Nd2 Ng6 16. Nb3 Nf4 17. Qf3 Nxe2+ 18. Qxe2 Bb5 19. Qe3 Bxf1 20. Rxf1 Be7 21.
Rc1 h6 22. f4 Rac8 23. Nc5 Bxc5 24. dxc5 Qd8 25. g5 h5 26. h4 g6 27. Bd4 a6 28.
Bb2 Qd7 29. Qd4 Rc7 30. f5 exf5 31. e6 fxe6 32. Qh8+ Kf7 33. Qg7+ Ke8 34. Qxg6+
Qf7 35. Qxf7+ Kxf7 36. Be5 Rc6 37. Bd6 Rfc8 38. Kf2 Rxd6 39. Rg1 Rdd8 40. g6+
Kf6 0-1

[Event "Kieler Open 2014-B"]
[Site "Kiel"]
[Date "2014.08.02"]
[Round "2.4"]
[White "Eberhardt, Michael"]
[Black "Sowa, Kay"]
[Result "1-0"]
[WhiteElo "1723"]
[BlackElo "1452"]
[PlyCount "103"]
[EventDate "2014.??.??"]
[WhiteTeam "Agon Neum?"]
[BlackTeam "Doppelbauer Kiel"]

1. d4 Nf6 2. Bf4 d6 3. Nc3 g6 4. e4 Bg7 5. Nf3 O-O 6. Be2 Nbd7 7. O-O c5 8. d5
a6 9. a4 b6 10. Re1 Nh5 11. Bd2 f5 12. Ng5 Ndf6 13. Bxh5 Nxh5 14. exf5 Bxf5 15.
g4 h6 16. gxf5 hxg5 17. Bxg5 Rxf5 18. Bxe7 Qd7 19. Qg4 Kh7 20. Bh4 Nf6 21. Bxf6
Bxf6 22. Qh3+ Kg7 23. Re6 Rf8 24. Qd3 Rh5 25. Ne4 Be5 26. Ng3 Rh6 27. Re1 Qf7
28. R6xe5 dxe5 29. Rxe5 Rxh2 30. Re2 Qf6 31. Qe3 Rh4 32. Qe7+ Qxe7 33. Rxe7+
Kf6 34. d6 Rd8 35. Ne4+ Kf5 36. f3 g5 37. Rf7+ Ke5 38. Re7+ Kd4 39. d7 Rh6 40.
Nxg5 Rd6 41. Re4+ Kd5 42. c4+ Kc6 43. Nf7 Rg8+ 44. Rg4 Rxg4+ 45. fxg4 Kxd7 46.
Nxd6 Kxd6 47. Kf2 Ke5 48. Ke3 Kf6 49. Ke4 Kg5 50. Kd5 Kxg4 51. Kc6 Kf4 52. Kxb6
1-0

[Event "Kieler Open 2014-B"]
[Site "Kiel"]
[Date "2014.08.02"]
[Round "2.5"]
[White "Bosselmann, Tom Linus"]
[Black "Bornhorst, Lars"]
[Result "1-0"]
[WhiteElo "1535"]
[BlackElo "1652"]
[PlyCount "73"]
[EventDate "2014.??.??"]
[WhiteTeam "Lübeck"]
[BlackTeam "Bad Essen"]

1. c4 Nf6 2. Nc3 g6 3. d4 d6 4. e4 Bg7 5. Nf3 O-O 6. Bd3 Bg4 7. Be3 Nc6 8. h3
Bxf3 9. Qxf3 e5 10. d5 Nd4 11. Qd1 c5 12. dxc6 bxc6 13. O-O c5 14. Nd5 Nxd5 15.
cxd5 f5 16. f3 f4 17. Bf2 g5 18. Rb1 Rb8 19. Qd2 h5 20. b4 Qd7 21. bxc5 dxc5
22. Be2 Rb6 23. Rfe1 Rfb8 24. Rxb6 axb6 25. Bxd4 exd4 26. Qd1 b5 27. Qb3 Qa7
28. Bxb5 d3 29. Qc4 Bd4+ 30. Kh1 d2 31. Rd1 Qa5 32. a4 Be3 33. d6+ Kf8 34. Qe6
Qd8 35. Qh6+ Kf7 36. Bc4+ Ke8 37. Qe6+ 1-0

[Event "Kieler Open 2014-B"]
[Site "Kiel"]
[Date "2014.08.02"]
[Round "2.7"]
[White "Isler, Benjamin"]
[Black "Zielke, Bernd"]
[Result "0-1"]
[WhiteElo "1274"]
[BlackElo "1699"]
[PlyCount "142"]
[EventDate "2014.??.??"]
[WhiteTeam "Flensburg"]
[BlackTeam "Holtenau"]

1. b4 c5 2. b5 d5 3. a4 b6 4. Bb2 Nf6 5. d3 Bf5 6. Nd2 e6 7. c4 d4 8. Ngf3 Nbd7
9. g3 Rc8 10. Bg2 Be7 11. Nh4 O-O 12. Nxf5 exf5 13. Bh3 g6 14. Nf3 Qc7 15. Bc1
Rfe8 16. O-O Bd6 17. Re1 f4 18. Bxf4 Bxf4 19. gxf4 Qxf4 20. Qc1 Qxc1 21. Raxc1
Rcd8 22. e3 dxe3 23. fxe3 Ne5 24. Nxe5 Rxe5 25. Rcd1 Rde8 26. Kf2 Rh5 27. Kg2
Ree5 28. Bc8 Ne8 29. h3 Nd6 30. Bg4 Rhg5 31. Kg3 h5 32. Kf4 hxg4 33. hxg4 f6
34. Rh1 Re7 35. Rh3 Rh7 36. Rxh7 Kxh7 37. Ra1 Re5 38. a5 Nc8 39. axb6 axb6 40.
Ra8 Re8 41. Rb8 Kg7 42. e4 Kf7 43. Rb7+ Ke6 44. Rc7 g5+ 45. Kf3 Rd8 46. Ke3 Ke5
47. Rc6 Re8 48. Rc7 Rh8 49. Rc6 Rh3+ 50. Ke2 Kd4 51. Rxc8 Rh2+ 52. Kf3 Rh3+ 53.
Ke2 Re3+ 54. Kf2 Rxd3 55. Rc6 Ke5 56. Rxb6 Rd4 57. Rb8 Rxc4 58. Re8+ Kd6 59.
Ke3 Rb4 60. Rf8 Ke7 61. Rb8 Rb3+ 62. Ke2 c4 63. Rc8 Rxb5 64. Rxc4 Ke6 65. Ke3
Ke5 66. Rd4 Rb3+ 67. Rd3 Rxd3+ 68. Kxd3 Kf4 69. Kd4 Kxg4 70. e5 fxe5+ 71. Kxe5
Kf3 0-1

[Event "Kieler Open 2014-B"]
[Site "Kiel"]
[Date "2014.08.02"]
[Round "2.8"]
[White "Slesicki, Andreas"]
[Black "Hogreve, Holger"]
[Result "1-0"]
[WhiteElo "1623"]
[BlackElo "1510"]
[PlyCount "78"]
[EventDate "2014.??.??"]
[WhiteTeam "Doppelbauer Kiel"]
[BlackTeam "Eckernförde"]

1. c4 e6 2. Nc3 Nf6 3. g3 d5 4. cxd5 exd5 5. d4 Bg4 6. Bg2 c6 7. Nf3 Nbd7 8.
Bf4 Be7 9. O-O Bxf3 10. Bxf3 O-O 11. Qc2 Qb6 12. Rfd1 Rfe8 13. Na4 Qd8 14. a3
Bf8 15. Nc5 Nxc5 16. dxc5 Rc8 17. b4 Re6 18. Bg2 Ra8 19. Bh3 Re8 20. Re1 Nh5
21. Bc1 g6 22. Bb2 Bg7 23. Bxg7 Nxg7 24. a4 a6 25. e4 dxe4 26. Rad1 Qf6 27. Rd7
Re7 28. Rxe7 Qxe7 29. Rxe4 Qf6 30. Qb1 Ne6 31. Bxe6 fxe6 32. Qb3 Re8 33. b5
axb5 34. axb5 Kf7 35. Rf4 Qxf4 36. gxf4 Rd8 37. bxc6 bxc6 38. Qb7+ Kf6 39. Qxc6
Rd5 1-0

[Event "Kieler Open 2014-B"]
[Site "Kiel"]
[Date "2014.08.02"]
[Round "2.9"]
[White "Salwasser, Christian"]
[Black "Schumacher, Horst"]
[Result "0-1"]
[WhiteElo "1035"]
[BlackElo "1809"]
[PlyCount "70"]
[EventDate "2014.??.??"]
[WhiteTeam "SC Rastatt"]
[BlackTeam "Holtenau"]

1. e4 d5 2. exd5 Nf6 3. Bc4 Nxd5 4. d4 e6 5. Nf3 Bb4+ 6. c3 Be7 7. O-O O-O 8.
Ne5 f6 9. Ng4 c6 10. Bd3 Qe8 11. f4 f5 12. Ne5 Nd7 13. Rf3 Nxe5 14. fxe5 Kh8
15. Rg3 Qd8 16. Rh3 Rf7 17. Qh5 Qg8 18. Bc4 g6 19. Qh6 Bd7 20. Bxd5 exd5 21.
Nd2 Raf8 22. Nf3 f4 23. Rh4 Bxh4 24. Qxh4 Rf5 25. Qe7 Qg7 26. Qh4 g5 27. Qf2 g4
28. Nh4 g3 29. hxg3 fxg3 30. Qe2 Rf2 31. Qe1 Qg4 32. Nf3 R8xf3 33. gxf3 Qxf3
34. Qxf2 Qxf2+ 35. Kh1 Qf1# 0-1

[Event "Kieler Open 2014-B"]
[Site "Kiel"]
[Date "2014.08.02"]
[Round "2.10"]
[White "Steffen, Jörn"]
[Black "Westphal-Stubbe, Siegbert"]
[Result "1/2-1/2"]
[WhiteElo "1314"]
[BlackElo "1833"]
[PlyCount "33"]
[EventDate "2014.??.??"]
[WhiteTeam "Flintbek"]
[BlackTeam "Plön"]

1. d4 f5 2. c4 Nf6 3. Nc3 c6 4. Bg5 g6 5. Bxf6 exf6 6. e3 d6 7. g3 Bg7 8. Bg2
O-O 9. Nge2 a5 10. O-O Na6 11. Nf4 Nc7 12. Qe2 Bd7 13. Rfd1 Rb8 14. d5 c5 15.
b3 Be8 16. Rd2 Bf7 17. Rad1 1/2-1/2